|
|
|
|
| LEADER |
00920nam a2200253 a 4500 |
| 001 |
3036800 |
| 008 |
090528r1999 maua 001 0 eng d |
| 010 |
|
|
|a 95076937
|
| 020 |
|
|
|a 0395744156
|
| 040 |
|
|
|a DLC
|c DLC
|
| 082 |
0 |
0 |
|a 540
|2 21
|
| 100 |
1 |
|
|a Ebbing, Darrell D.
|
| 245 |
1 |
0 |
|a General chemistry /
|c Darrell D. Ebbing ; consulting editor, Mark S. Wrighton.
|
| 250 |
|
|
|a 5th ed.
|
| 260 |
|
|
|a Boston :
|b Houghton Mifflin ;
|a New Delhi :
|b A.I.T.B.S Publishers,
|c c1999.
|
| 300 |
|
|
|a xxxi, (various pagings) :
|b ill. (some col.) ;
|c 27 cm.
|
| 504 |
|
|
|a Includes index.
|
| 541 |
1 |
|
|e 00011592
|
| 650 |
|
0 |
|a Chemistry.
|
| 700 |
1 |
|
|a Wrighton, Mark S.,
|d 1949-
|
| 852 |
4 |
|
|a Ayesha Abed Library
|j General shelf
|
| 942 |
0 |
0 |
|0 1
|
| 999 |
|
|
|c 1152
|d 1152
|
| 952 |
|
|
|0 0
|1 0
|2 ddc
|4 0
|6 540_000000000000000_EBB_1999
|7 0
|9 1041
|a BRACUL
|b BRACUL
|c GEN
|d 2009-06-24
|g 358.00
|l 24
|m 144
|o 540 EBB
|p 3010011592
|r 2026-01-11
|s 2025-11-06
|t 1
|w 2009-06-24
|y BK
|